000
00294nam a22001337a 4500
008
181107b xxu||||| |||| 00| 0 eng d
020
_a
9780534513023
041
_a
eng
080
_a
330
100
_a
52
101
_a
MBE
245
_a
Macro Skills Workbook
_c
Ashman, K.K.K
942
_2
udc
_c
BK
999
_c
52144
_d
52144